[Event "ODEM U25B 2013"]
[Site "Oberhof GER"]
[Date "2013.05.22"]
[Round "6"]
[White "Reimann, Matthias"]
[Black "Schilay, Lorenz"]
[Result "1/2-1/2"]
[Termination "normal"]
[Board "1"]
[WhiteElo "1626"]
[BlackElo "1543"]
[PlyCount "68"]
[WhiteFideId "12928046"]
[BlackFideId "12930180"]
[EventCountry "GER"]
[EventRounds "9"]
[EventType "swiss"]
[EventDate "2013.05.18"]

1. c4 e5 2. Nc3 Nc6 3. Nf3 f5 4. d3 Nf6 5. g3 g6 6. Bg2 Bg7 7. O-O d6 8. Rb1 a5
9. a3 O-O 10. b4 axb4 11. axb4 h6 12. Nd2 g5 13. e3 Qe8 14. Nd5 Nxd5 15. Bxd5+
Be6 16. Qf3 Bxd5 17. Qxd5+ Kh7 18. b5 Nd8 19. Nb3 Qe6 20. Qxe6 Nxe6 21. Bd2 Ra3
22. Bb4 Ra4 23. Bc3 f4 24. Ra1 Rfa8 25. Rxa4 Rxa4 26. Ra1 Rxa1+ 27. Bxa1 b6 28.
Kf1 g4 29. e4 f3 30. Bb2 h5 31. Bc1 Bh6 32. Bb2 Ng5 33. Na1 Ne6 34. Nb3 Bg7
1/2-1/2

[Event "ODEM U25B 2013"]
[Site "Oberhof GER"]
[Date "2013.05.22"]
[Round "6"]
[White "Preißler, Niklas"]
[Black "Sherif, Malik"]
[Result "1/2-1/2"]
[Termination "normal"]
[Board "2"]
[WhiteElo "1746"]
[BlackElo "1440"]
[PlyCount "43"]
[WhiteFideId "12927554"]
[BlackFideId "12911755"]
[EventCountry "GER"]
[EventRounds "9"]
[EventType "swiss"]
[EventDate "2013.05.18"]

1. d4 Nf6 2. Bg5 Ne4 3. Bf4 c5 4. e3 Qb6 5. Nc3 Nxc3 6. bxc3 Qa5 7. Qd2 d6 8.
Nf3 Nd7 9. Bd3 Nb6 10. O-O Nd5 11. dxc5 Nxf4 12. exf4 Qxc5 13. Rab1 Qc7 14. Nd4
a6 15. Be4 Rb8 16. Rfe1 Bd7 17. g3 h5 18. h4 g6 19. f5 gxf5 20. Bxf5 Bxf5 21.
Nxf5 Rd8 22. Qd4 1/2-1/2

[Event "ODEM U25B 2013"]
[Site "Oberhof GER"]
[Date "2013.05.22"]
[Round "6"]
[White "Dittrich, Tom"]
[Black "Pixa, Ulrich"]
[Result "0-1"]
[Termination "normal"]
[Board "3"]
[WhiteElo "1648"]
[BlackElo "1518"]
[PlyCount "92"]
[WhiteFideId "12923532"]
[BlackFideId "4697723"]
[EventCountry "GER"]
[EventRounds "9"]
[EventType "swiss"]
[EventDate "2013.05.18"]

1. e4 e5 2. Nf3 Nc6 3. Bc4 Bc5 4. c3 Nf6 5. d3 O-O 6. Bg5 d6 7. Bb3 Bg4 8. h3
Bh5 9. Nbd2 Re8 10. Nf1 h6 11. Bh4 Nb8 12. g4 Bg6 13. Ng3 c6 14. Qe2 Nbd7 15.
O-O-O a5 16. g5 hxg5 17. Bxg5 a4 18. Bc2 b5 19. h4 Qb6 20. Be3 b4 21. Bxc5 Nxc5
22. cxb4 Qxb4 23. Qd2 Qb6 24. h5 Bh7 25. Qg5 Ne6 26. Qd2 Reb8 27. Bb1 Nd4 28.
Ng5 Qc5+ 29. Qc3 a3 30. Qxc5 axb2+ 31. Kd2 dxc5 32. Nxh7 Kxh7 33. Ke1 Ng4 34.
Kf1 Nb5 35. Rd2 Nc3 36. Kg2 Nxb1 37. Rxb1 Rxa2 38. Nf5 Nf6 39. Ne3 Nxh5 40. Nc4
Nf4+ 41. Kf3 f6 42. Ke3 g5 43. Rbxb2 Raxb2 44. Nxb2 Ne6 45. Kf3 Nd4+ 46. Kg4
Kg6 0-1

[Event "ODEM U25B 2013"]
[Site "Oberhof GER"]
[Date "2013.05.22"]
[Round "6"]
[White "Grüninger, Maxim"]
[Black "Finkous, Robert"]
[Result "1-0"]
[Termination "normal"]
[Board "4"]
[WhiteElo "1445"]
[BlackElo "1481"]
[PlyCount "83"]
[WhiteFideId "12942960"]
[BlackFideId "12979490"]
[EventCountry "GER"]
[EventRounds "9"]
[EventType "swiss"]
[EventDate "2013.05.18"]

1. e4 e5 2. Nf3 Nc6 3. d4 exd4 4. Nxd4 Bc5 5. Be3 Qf6 6. Nb5 Bxe3 7. fxe3 Qd8
8. Qg4 g6 9. Qf4 d6 10. Bc4 Be6 11. Bxe6 fxe6 12. O-O Nge7 13. Qf7+ Kd7 14. Rf6
Qg8 15. Qxg8 Rhxg8 16. N1c3 Raf8 17. Raf1 Rxf6 18. Rxf6 Rg7 19. Nd4 Nd8 20. Rf8
Ndc6 21. Nce2 e5 22. Nf3 g5 23. Nc3 h6 24. a3 Ng6 25. Ra8 g4 26. Nd2 h5 27. b4
a6 28. Nd5 Nce7 29. Nf6+ Kc6 30. Nb3 Rf7 31. Nxh5 Kb6 32. c4 Nc6 33. Ng3 Nge7
34. Ne2 Na7 35. Nc3 Nec8 36. Nd5+ Kc6 37. Na5+ Kd7 38. Nxb7 c6 39. Nc3 Kc7 40.
Na5 Kb6 41. Rb8+ Kc7 42. Rb7+ 1-0

[Event "ODEM U25B 2013"]
[Site "Oberhof GER"]
[Date "2013.05.22"]
[Round "6"]
[White "Thumm, Niklas"]
[Black "Gheng, Christian"]
[Result "0-1"]
[Termination "normal"]
[Board "5"]
[WhiteElo "1330"]
[BlackElo "1696"]
[PlyCount "103"]
[WhiteFideId "12918733"]
[BlackFideId "24660345"]
[EventCountry "GER"]
[EventRounds "9"]
[EventType "swiss"]
[EventDate "2013.05.18"]

1. e4 c5 2. f4 d6 3. Nf3 g6 4. Nc3 Bg7 5. Bc4 e6 6. f5 exf5 7. O-O Ne7 8. d3
Be6 9. Bxe6 fxe6 10. Bg5 h6 11. Bxe7 Qxe7 12. exf5 gxf5 13. Re1 Nc6 14. Nd5 Qf7
15. Rxe6+ Kd7 16. Qe2 Qxe6 17. Qxe6+ Kxe6 18. Nc7+ Kd7 19. Nxa8 Rxa8 20. c3 Re8
21. Nh4 Ne7 22. Rf1 Rf8 23. g3 b5 24. Rb1 Bf6 25. Ng2 Ng6 26. Rf1 b4 27. Rxf5
Bd4+ 28. cxd4 Rxf5 29. dxc5 Rxc5 30. Ne3 Ne5 31. d4 Nf3+ 32. Kf2 Nxd4 33. h4
Nf5 34. Nd1 Rd5 35. Ke1 Nxg3 36. Ne3 Re5 37. Kf2 Rxe3 38. Kxe3 Nf5+ 39. Kf4
Nxh4 40. Kg4 Ng2 41. Kf3 Ne1+ 42. Ke2 Nc2 43. Kd3 h5 44. Ke4 h4 45. Kf3 d5 46.
Kg4 d4 47. Kxh4 d3 48. a3 d2 49. axb4 d1=Q 50. b5 Qg1 51. b6 Ne3 52. bxa7 0-1

[Event "ODEM U25B 2013"]
[Site "Oberhof GER"]
[Date "2013.05.22"]
[Round "6"]
[White "Morio, Estelle"]
[Black "Gose, Paul-Lukas"]
[Result "1/2-1/2"]
[Termination "normal"]
[Board "6"]
[WhiteElo "1322"]
[BlackElo "1475"]
[PlyCount "68"]
[WhiteFideId "12951951"]
[BlackFideId "34688994"]
[EventCountry "GER"]
[EventRounds "9"]
[EventType "swiss"]
[EventDate "2013.05.18"]

1. f4 Nf6 2. b3 g6 3. Bb2 Bg7 4. Nf3 Nc6 5. e3 O-O 6. Be2 d5 7. O-O Bf5 8. Na3
a6 9. c4 e6 10. Nh4 Ne4 11. Bxg7 Kxg7 12. Nxf5+ exf5 13. d3 Nc3 14. Qd2 d4 15.
Nc2 Nxe2+ 16. Qxe2 dxe3 17. Qxe3 Re8 18. Qd2 Qd6 19. Rae1 Rad8 20. Rxe8 Rxe8
21. d4 Re4 22. d5 Qc5+ 23. Qf2 Qxf2+ 24. Rxf2 Nd4 25. Nxd4 Rxd4 26. g3 c6 27.
dxc6 bxc6 28. Re2 Kf6 29. Kf2 h6 30. Ke3 c5 31. Rd2 Rxd2 32. Kxd2 Ke6 33. a3 a5
34. Kc3 Kd6 1/2-1/2

[Event "ODEM U25B 2013"]
[Site "Oberhof GER"]
[Date "2013.05.22"]
[Round "6"]
[White "Hausdorf, Lars"]
[Black "Arnold, Leander"]
[Result "0-1"]
[Termination "normal"]
[Board "7"]
[WhiteElo "1348"]
[BlackElo "1435"]
[PlyCount "38"]
[WhiteFideId "16200390"]
[BlackFideId "12990230"]
[EventCountry "GER"]
[EventRounds "9"]
[EventType "swiss"]
[EventDate "2013.05.18"]

1. e4 e6 2. c4 d5 3. cxd5 exd5 4. exd5 Nf6 5. Nf3 Nxd5 6. Nc3 Be7 7. d4 O-O 8.
Be2 Nc6 9. O-O Bf6 10. h3 Nde7 11. Be3 Be6 12. Qd2 Qd7 13. Rfd1 Rfd8 14. Ne4
Nd5 15. Nxf6+ Nxf6 16. Bb5 a6 17. Ne5 Qd6 18. Bxc6 bxc6 19. Bg5 Ne4 0-1

[Event "ODEM U25B 2013"]
[Site "Oberhof GER"]
[Date "2013.05.22"]
[Round "6"]
[White "Vinogradov, Anatoli"]
[Black "Hinrichs, Niklas"]
[Result "1/2-1/2"]
[Termination "normal"]
[Board "8"]
[WhiteElo "1410"]
[BlackElo "1373"]
[PlyCount "66"]
[WhiteFideId "12977802"]
[BlackFideId "12942499"]
[EventCountry "GER"]
[EventRounds "9"]
[EventType "swiss"]
[EventDate "2013.05.18"]

1. d4 d5 2. c4 c6 3. Nc3 Nf6 4. e3 e6 5. Nf3 b6 6. Bd2 Bd6 7. Rc1 Bb7 8. cxd5
cxd5 9. Bd3 O-O 10. O-O Nc6 11. Nb5 Rc8 12. Nxd6 Qxd6 13. a3 Ne4 14. Bxe4 dxe4
15. Ne5 Nxe5 16. Bb4 Qd7 17. Bxf8 Rxc1 18. Qxc1 Nd3 19. Qc2 Kxf8 20. f3 f5 21.
fxe4 Bxe4 22. Qe2 g6 23. Rd1 Qb5 24. b4 Qc4 25. g4 Ne5 26. Qxc4 Nxc4 27. gxf5
exf5 28. Kf2 Ke7 29. Rc1 Bd5 30. Kg3 Kd7 31. Kf4 h6 32. h4 Ke6 33. a4 a6
1/2-1/2

[Event "ODEM U25B 2013"]
[Site "Oberhof GER"]
[Date "2013.05.22"]
[Round "6"]
[White "Granzin, David"]
[Black "Schier, Lukas"]
[Result "0-1"]
[Termination "normal"]
[Board "9"]
[WhiteElo "1391"]
[BlackElo "1327"]
[PlyCount "92"]
[WhiteFideId "12922145"]
[EventCountry "GER"]
[EventRounds "9"]
[EventType "swiss"]
[EventDate "2013.05.18"]

1. e4 e5 2. Nf3 Nc6 3. d4 exd4 4. Nxd4 Bc5 5. Nxc6 Qf6 6. Qf3 dxc6 7. Nc3 Qxf3
8. gxf3 Be6 9. Be3 Bd6 10. f4 f5 11. Rg1 Ne7 12. O-O-O O-O-O 13. Bd3 g6 14. a3
fxe4 15. Nxe4 Kb8 16. Kb1 Nd5 17. Ng5 Rde8 18. Rge1 Nxe3 19. fxe3 Bg4 20. Rd2
Bxf4 21. Ne4 Bh6 22. Rf2 Bf5 23. Ng3 Bxd3 24. cxd3 Rxe3 25. Rxe3 Bxe3 26. Re2
Bc5 27. Ne4 Bd6 28. Rf2 Rf8 29. Rxf8+ Bxf8 30. h3 Be7 31. Kc2 Kc8 32. Kc3 Kd7
33. Kd2 a5 34. Ke3 Ke6 35. d4 h6 36. Kd3 Bf8 37. Ng3 Bg7 38. Ke4 b5 39. Ne2 Kd6
40. b4 axb4 41. axb4 g5 42. Ng3 Bf8 43. Nf5+ Ke6 44. Ne3 Bxb4 45. d5+ cxd5+ 46.
Nxd5 Bd6 0-1

[Event "ODEM U25B 2013"]
[Site "Oberhof GER"]
[Date "2013.05.22"]
[Round "6"]
[White "Usczeck, Alina"]
[Black "Schrader, Alia"]
[Result "1/2-1/2"]
[Termination "normal"]
[Board "10"]
[WhiteElo "1380"]
[BlackElo "1311"]
[PlyCount "83"]
[WhiteFideId "12938114"]
[BlackFideId "16270312"]
[EventCountry "GER"]
[EventRounds "9"]
[EventType "swiss"]
[EventDate "2013.05.18"]

1. g3 c5 2. Bg2 Nc6 3. d3 g6 4. Nd2 Bg7 5. e4 e6 6. Ngf3 Nge7 7. O-O O-O 8. Re1
d6 9. Kh1 Qd7 10. Ng1 b6 11. f4 Bb7 12. g4 f5 13. gxf5 exf5 14. Nh3 Rae8 15.
exf5 Nxf5 16. Ne4 Kh8 17. Nhf2 Nh4 18. Bh3 Qd8 19. Rf1 Nf5 20. Rg1 Nce7 21. Bg2
Nh4 22. Qg4 Nxg2 23. Rxg2 Nf5 24. Rg1 Bd4 25. Rf1 Ne3 26. Bxe3 Bxe3 27. Nd1 Bd4
28. c3 Bg7 29. Ndf2 Bh6 30. Qh3 Bxf4 31. Rg1 Kg7 32. Rg2 d5 33. Ng3 d4 34. Nge4
dxc3 35. bxc3 Qa8 36. Rag1 Be5 37. Qh5 Re6 38. Qg4 Rfe8 39. h4 Kf7 40. Ng5+ Kf6
41. Nfe4+ Bxe4 42. dxe4 1/2-1/2

[Event "ODEM U25B 2013"]
[Site "Oberhof GER"]
[Date "2013.05.22"]
[Round "6"]
[White "Silber, Kevin"]
[Black "Schluckner, Paul-Leopold"]
[Result "1-0"]
[Termination "normal"]
[Board "11"]
[WhiteElo "1542"]
[BlackElo "1259"]
[PlyCount "119"]
[WhiteFideId "12930440"]
[BlackFideId "12952168"]
[EventCountry "GER"]
[EventRounds "9"]
[EventType "swiss"]
[EventDate "2013.05.18"]

1. e4 e5 2. Nf3 Nc6 3. d4 exd4 4. Nxd4 Bc5 5. Be3 Bb6 6. c3 d6 7. Bc4 Nf6 8.
Nd2 O-O 9. O-O Re8 10. f3 Ne5 11. Bb3 Ng6 12. Bf2 c5 13. Ne2 Be6 14. c4 Ba5 15.
Qc2 Bxd2 16. Qxd2 Ne5 17. Qc2 Nc6 18. Rad1 Qc7 19. Nc3 Qb8 20. Qe2 Rd8 21. a3
a6 22. Rd2 b5 23. Nd5 Nd7 24. Rc1 Na5 25. Ba2 bxc4 26. Bxc4 Nxc4 27. Qxc4 Nb6
28. Qe2 Bxd5 29. exd5 Re8 30. Qd1 Qb7 31. Bg3 Rad8 32. Qb3 Qc7 33. Qd3 Nd7 34.
Qxa6 Qb6 35. Qxb6 Nxb6 36. Kf2 f6 37. Rc3 Kf7 38. h4 Re7 39. Bh2 h5 40. Bf4 Kg6
41. Bh2 Kf5 42. b4 Rc7 43. Ke1 g5 44. hxg5 fxg5 45. Kd1 g4 46. bxc5 Rxc5 47.
Rxc5 dxc5 48. Bc7 Nc4 49. Bxd8 Nxd2 50. fxg4+ hxg4 51. Kxd2 Ke5 52. Be7 Kxd5
53. Bxc5 Kxc5 54. Ke3 Kb5 55. Kf4 Ka4 56. Kxg4 Kxa3 57. Kf5 Kb4 58. g4 Kc5 59.
g5 Kd6 60. Kf6 1-0

[Event "ODEM U25B 2013"]
[Site "Oberhof GER"]
[Date "2013.05.22"]
[Round "6"]
[White "Kovac, Linda"]
[Black "Fischer, Elias"]
[Result "1/2-1/2"]
[Termination "normal"]
[Board "12"]
[WhiteElo "1250"]
[BlackElo "1452"]
[PlyCount "42"]
[WhiteFideId "12938815"]
[BlackFideId "12963305"]
[EventCountry "GER"]
[EventRounds "9"]
[EventType "swiss"]
[EventDate "2013.05.18"]

1. e4 e6 2. d4 d5 3. Nd2 c5 4. c3 Nc6 5. Ngf3 Bd7 6. Bd3 Qb6 7. dxc5 Bxc5 8.
O-O Nf6 9. b4 Bd6 10. Re1 Ne5 11. Nxe5 Bxe5 12. Bb2 Qc7 13. Rc1 Bxh2+ 14. Kf1
Be5 15. Qe2 dxe4 16. Nxe4 Nxe4 17. Qxe4 Bf4 18. Rc2 h5 19. g3 Bg5 20. c4 Bc6
21. Qf5 O-O-O 1/2-1/2

[Event "ODEM U25B 2013"]
[Site "Oberhof GER"]
[Date "2013.05.22"]
[Round "6"]
[White "Wagner, Swenja"]
[Black "Frohnhäuser, Simon"]
[Result "1/2-1/2"]
[Termination "normal"]
[Board "13"]
[WhiteElo "1248"]
[BlackElo "1418"]
[PlyCount "57"]
[WhiteFideId "12900494"]
[BlackFideId "16208528"]
[EventCountry "GER"]
[EventRounds "9"]
[EventType "swiss"]
[EventDate "2013.05.18"]

1. e4 c5 2. Nf3 d6 3. d4 cxd4 4. Nxd4 Nf6 5. Nc3 a6 6. Bc4 e6 7. Bb3 Be7 8. Be3
O-O 9. g4 b5 10. g5 Ne8 11. h4 e5 12. Nf5 Bb7 13. Nd5 Nc6 14. Qg4 g6 15. Bb6
gxf5 16. Bxd8 fxg4 17. Nxe7+ Kh8 18. Nxc6 Bxc6 19. Be7 Rg8 20. Bxf7 Rg7 21.
Bxe8 Rxe8 22. Bf6 Bxe4 23. Bxg7+ Kxg7 24. Rh2 Rc8 25. Rc1 Bf3 26. Kd2 Rc4 27.
c3 Re4 28. Re1 Rc4 29. b3 1/2-1/2

[Event "ODEM U25B 2013"]
[Site "Oberhof GER"]
[Date "2013.05.22"]
[Round "6"]
[White "Dathe, Frederick"]
[Black "Reyher, Susan"]
[Result "1-0"]
[Termination "normal"]
[Board "15"]
[WhiteElo "1233"]
[BlackElo "1382"]
[PlyCount "67"]
[WhiteFideId "12963070"]
[BlackFideId "24686107"]
[EventCountry "GER"]
[EventRounds "9"]
[EventType "swiss"]
[EventDate "2013.05.18"]

1. d4 d5 2. c4 dxc4 3. e4 Nc6 4. d5 Ne5 5. Bxc4 Nf6 6. Nc3 e6 7. Nf3 exd5 8.
Nxe5 Bd6 9. Bb5+ c6 10. Nxc6 Qb6 11. exd5 O-O 12. Nd4 Be5 13. Be3 Qd6 14. Nf3
Bxc3+ 15. bxc3 Bg4 16. O-O Rad8 17. c4 a6 18. Ba4 Bh5 19. h3 Nd7 20. Rb1 Qg6
21. Kh1 b6 22. Bxd7 Rxd7 23. Rxb6 Rd6 24. Rxd6 Qxd6 25. c5 Qb8 26. d6 Rd8 27.
Qd5 Bg6 28. Bg5 Re8 29. d7 Be4 30. Re1 h6 31. dxe8=Q+ Qxe8 32. Rxe4 Qb8 33.
Qd8+ Qxd8 34. Bxd8 1-0

[Event "ODEM U25B 2013"]
[Site "Oberhof GER"]
[Date "2013.05.22"]
[Round "6"]
[White "Rose, Luis Stratos"]
[Black "Stockter, Jasper Enno"]
[Result "1-0"]
[Termination "normal"]
[Board "16"]
[WhiteElo "1380"]
[BlackElo "1239"]
[PlyCount "72"]
[WhiteFideId "12976008"]
[BlackFideId "12957291"]
[EventCountry "GER"]
[EventRounds "9"]
[EventType "swiss"]
[EventDate "2013.05.18"]

1. d4 Nf6 2. c4 e6 3. Nf3 b6 4. g3 Bb7 5. Bg2 Be7 6. O-O O-O 7. Nc3 d6 8. e3
Nbd7 9. Qe2 c5 10. Rd1 d5 11. b3 Qc7 12. Bb2 a6 13. a4 Rfd8 14. Rac1 dxc4 15.
bxc4 Rac8 16. d5 exd5 17. Nxd5 Nxd5 18. cxd5 Nf6 19. e4 Re8 20. Nd2 Rcd8 21.
Re1 Kh8 22. Rcd1 Bd6 23. f3 Be5 24. Bxe5 Qxe5 25. Nc4 Qc7 26. d6 Qc6 27. e5 Nd5
28. f4 Nc3 29. Bxc6 Nxe2+ 30. Rxe2 Bxc6 31. Red2 b5 32. axb5 Bxb5 33. Rc2 f6
34. Re1 Bd7 35. Nb6 fxe5 36. Nxd7 Rxd7 1-0

[Event "ODEM U25B 2013"]
[Site "Oberhof GER"]
[Date "2013.05.22"]
[Round "6"]
[White "Schmidt, Alexandra"]
[Black "Schenk, Philipp"]
[Result "0-1"]
[Termination "normal"]
[Board "17"]
[WhiteElo "1512"]
[BlackElo "1213"]
[PlyCount "64"]
[WhiteFideId "12946036"]
[EventCountry "GER"]
[EventRounds "9"]
[EventType "swiss"]
[EventDate "2013.05.18"]

1. e4 e5 2. Nf3 Nf6 3. Nc3 Nc6 4. Bc4 Bc5 5. d3 d6 6. Bg5 Bg4 7. O-O Nd4 8. Nd5
h6 9. Bh4 g5 10. Bg3 Nh5 11. c3 Nxf3+ 12. gxf3 Bh3 13. Re1 Nxg3 14. hxg3 h5 15.
d4 Bb6 16. dxe5 dxe5 17. Nxb6 axb6 18. Qb3 Qe7 19. Rad1 g4 20. f4 h4 21. Rd5 f6
22. f5 hxg3 23. fxg3 c6 24. Rd2 Qc5+ 25. Rf2 Rd8 26. Ree2 Qxc4 27. Qxc4 Rd1+
28. Rf1 Bxf1 29. Qe6+ Kf8 30. Qxf6+ Kg8 31. Rh2 Be2+ 32. Kf2 Rxh2+ 0-1

[Event "ODEM U25B 2013"]
[Site "Oberhof GER"]
[Date "2013.05.22"]
[Round "6"]
[White "Berg, Robert"]
[Black "Schramm, Anna-Lena"]
[Result "1/2-1/2"]
[Termination "normal"]
[Board "18"]
[WhiteElo "1174"]
[BlackElo "1420"]
[PlyCount "41"]
[BlackFideId "12918237"]
[EventCountry "GER"]
[EventRounds "9"]
[EventType "swiss"]
[EventDate "2013.05.18"]

1. d4 d5 2. f4 Nc6 3. e3 Nf6 4. Nf3 Bf5 5. Nbd2 Nb4 6. Bb5+ c6 7. Ba4 e6 8. c3
Na6 9. Bc2 Bg6 10. O-O Bd6 11. Ne5 Qe7 12. Ndf3 Nd7 13. Bd2 Nxe5 14. fxe5 Bc7
15. Qb1 O-O-O 16. b4 Nb8 17. a4 Kd7 18. a5 Ke8 19. h3 a6 20. Ra2 Bxc2 21. Qxc2
1/2-1/2

[Event "ODEM U25B 2013"]
[Site "Oberhof GER"]
[Date "2013.05.22"]
[Round "6"]
[White "Hagenbeck-Hübert, Lara"]
[Black "Müdder, Melanie"]
[Result "1/2-1/2"]
[Termination "normal"]
[Board "19"]
[WhiteElo "1338"]
[BlackElo "712"]
[PlyCount "105"]
[WhiteFideId "12964484"]
[BlackFideId "12994103"]
[EventCountry "GER"]
[EventRounds "9"]
[EventType "swiss"]
[EventDate "2013.05.18"]

1. d4 Nf6 2. Nf3 c5 3. c3 Qa5 4. Bd2 g6 5. a3 Nc6 6. b4 cxb4 7. cxb4 Qc7 8. e3
d6 9. Bd3 Bg7 10. Bc3 e5 11. Nbd2 O-O 12. Rc1 Bg4 13. h3 Bd7 14. dxe5 Nd5 15.
exd6 Qxd6 16. Bxg7 Kxg7 17. Bc4 Rfe8 18. Bxd5 Qxd5 19. Qb3 Qf5 20. Rc5 Ne5 21.
Rxe5 Rxe5 22. g4 Qf6 23. Nxe5 Qxe5 24. f4 Qf6 25. Qd3 Qh4+ 26. Kf1 Bxg4 27. e4
Rd8 28. Qc3+ f6 29. Qc7+ Kh6 30. Qxd8 Bxh3+ 31. Rxh3 Qxh3+ 32. Ke2 Qh2+ 33. Kd3
Qxf4 34. Qf8+ Kh5 35. Qc5+ g5 36. Qxa7 g4 37. Qxb7 g3 38. Qxh7+ Kg4 39. Qf5+
Qxf5 40. exf5 g2 41. Ne4 g1=Q 42. Nxf6+ Kxf5 43. Nd5 Qd1+ 44. Kc4 Qc2+ 45. Nc3
Kf4 46. a4 Ke3 47. b5 Kd2 48. b6 Qxc3+ 49. Kb5 Qb3+ 50. Kc6 Qxa4+ 51. Kc7 Qa5
52. Kc6 Qxb6+ 53. Kxb6 1/2-1/2

[Event "ODEM U25B 2013"]
[Site "Oberhof GER"]
[Date "2013.05.22"]
[Round "6"]
[White "Lang, Thomas"]
[Black "Walter, Daniel"]
[Result "1-0"]
[Termination "normal"]
[Board "20"]
[WhiteElo "1210"]
[BlackElo "1338"]
[PlyCount "71"]
[WhiteFideId "12982520"]
[BlackFideId "12983110"]
[EventCountry "GER"]
[EventRounds "9"]
[EventType "swiss"]
[EventDate "2013.05.18"]

1. e4 Nf6 2. Nc3 d5 3. exd5 Nxd5 4. Bc4 e6 5. Qe2 Nb6 6. Bb3 Nc6 7. Nf3 Bc5 8.
d3 Nd4 9. Nxd4 Bxd4 10. Bd2 O-O 11. Qg4 Qf6 12. O-O e5 13. Qg3 Be6 14. Ne4 Qf5
15. c3 Bxc3 16. bxc3 Bxb3 17. axb3 Qe6 18. c4 f5 19. Ng5 Qf6 20. Bc3 f4 21. Qg4
g6 22. Ne4 Qe7 23. Rfe1 Rad8 24. Rxa7 Rxd3 25. Rxb7 f3 26. g3 Rfd8 27. c5 Nd5
28. Bb2 Nf6 29. Nxf6+ Qxf6 30. h4 Rd1 31. Rxd1 Rxd1+ 32. Kh2 Rd2 33. Qc8+ Kg7
34. Rxc7+ Kh6 35. Bc1 g5 36. Bxd2 1-0

[Event "ODEM U25B 2013"]
[Site "Oberhof GER"]
[Date "2013.05.22"]
[Round "6"]
[White "Hesse, Henrik"]
[Black "Bajorski, Marius"]
[Result "1-0"]
[Termination "normal"]
[Board "21"]
[WhiteElo "1701"]
[BlackElo "1136"]
[PlyCount "85"]
[WhiteFideId "12952060"]
[BlackFideId "12938831"]
[EventCountry "GER"]
[EventRounds "9"]
[EventType "swiss"]
[EventDate "2013.05.18"]

1. e4 e5 2. Nf3 Nc6 3. Bc4 Nf6 4. d3 d5 5. exd5 Nxd5 6. O-O Bc5 7. Re1 Bg4 8.
h3 Bh5 9. c3 O-O 10. b4 Bb6 11. a4 a6 12. Bb2 Re8 13. Nbd2 Nf4 14. Ne4 Kh8 15.
Bc1 h6 16. Bxf4 exf4 17. d4 f5 18. Ned2 Qf6 19. Qc2 Qg6 20. d5 Qg3 21. Rf1 Ne5
22. Nd4 Qg6 23. Qxf5 Bxd4 24. Qxg6 Bxf2+ 25. Rxf2 Bxg6 26. Rxf4 Nxc4 27. Nxc4
Rad8 28. Rd4 Re4 29. Rad1 Rxd4 30. Rxd4 Bf7 31. Ne5 Bg8 32. c4 Rd6 33. Rf4 Kh7
34. Kf2 Rf6 35. Rxf6 gxf6 36. Nd7 Kg7 37. Nc5 c6 38. d6 Kf7 39. Ke3 Ke8 40. Kd4
b5 41. cxb5 axb5 42. a5 Kd8 43. a6 1-0

[Event "ODEM U25B 2013"]
[Site "Oberhof GER"]
[Date "2013.05.22"]
[Round "6"]
[White "Grund, Melanie"]
[Black "Wolff, Marie Antoinette"]
[Result "1-0"]
[Termination "normal"]
[Board "22"]
[WhiteElo "1186"]
[BlackElo "1280"]
[PlyCount "25"]
[WhiteFideId "12988804"]
[BlackFideId "12908258"]
[EventCountry "GER"]
[EventRounds "9"]
[EventType "swiss"]
[EventDate "2013.05.18"]

1. e4 c5 2. d4 cxd4 3. c3 dxc3 4. Nxc3 Nc6 5. Nf3 g6 6. h4 d6 7. Bc4 Nf6 8. h5
Nxh5 9. Rxh5 gxh5 10. Ng5 Ne5 11. Bb3 Bd7 12. f4 Ng4 13. Bxf7# 1-0

[Event "ODEM U25B 2013"]
[Site "Oberhof GER"]
[Date "2013.05.22"]
[Round "6"]
[White "Lange, Cecilia"]
[Black "Klinkhammer, Christopher"]
[Result "1/2-1/2"]
[Termination "normal"]
[Board "23"]
[WhiteElo "1116"]
[BlackElo "1279"]
[PlyCount "103"]
[WhiteFideId "12976040"]
[BlackFideId "12925020"]
[EventCountry "GER"]
[EventRounds "9"]
[EventType "swiss"]
[EventDate "2013.05.18"]

1. e4 e5 2. Nf3 d6 3. d4 Nf6 4. Nc3 Nbd7 5. Bd3 c6 6. O-O Be7 7. Bd2 O-O 8. Re1
Qc7 9. h3 b6 10. a3 Bb7 11. b4 a6 12. Ne2 d5 13. exd5 e4 14. dxc6 Bxc6 15. Bxe4
Bxe4 16. Nc3 Bxf3 17. Qxf3 Bd6 18. Re2 Rae8 19. Rae1 Qb8 20. Qc6 Rxe2 21. Rxe2
Rc8 22. Qf3 Re8 23. Rxe8+ Qxe8 24. Qe2 Qxe2 25. Nxe2 b5 26. g3 Nd5 27. Kg2 N7b6
28. Nf4 Nxf4+ 29. Bxf4 Bxf4 30. gxf4 Kf8 31. Kf3 Ke7 32. Ke4 Kd6 33. h4 Nc4 34.
f3 Nxa3 35. Kd3 Nxc2 36. Kxc2 Kd5 37. Kd3 f5 38. Kc3 Kc6 39. h5 Kb6 40. d5 a5
41. bxa5+ Kxa5 42. d6 Kb6 43. Kb4 Kc6 44. d7 Kxd7 45. Kxb5 Ke6 46. Kc5 Kf6 47.
Kd5 g6 48. hxg6 Kxg6 49. Kd4 h5 50. Ke3 h4 51. Kf2 Kh5 52. Kg2 1/2-1/2

[Event "ODEM U25B 2013"]
[Site "Oberhof GER"]
[Date "2013.05.22"]
[Round "6"]
[White "Binner, Jule"]
[Black "Schumacher, Aaron"]
[Result "1-0"]
[Termination "normal"]
[Board "24"]
[WhiteElo "1274"]
[BlackElo "1068"]
[PlyCount "59"]
[WhiteFideId "16205332"]
[BlackFideId "12952184"]
[EventCountry "GER"]
[EventRounds "9"]
[EventType "swiss"]
[EventDate "2013.05.18"]

1. e4 e6 2. d4 d5 3. exd5 exd5 4. Bd3 c5 5. c3 Nc6 6. Ne2 Bg4 7. dxc5 Bxc5 8.
O-O Nf6 9. h3 Bh5 10. Qe1 O-O 11. Bg5 Re8 12. Qd2 Qe7 13. Nf4 Qe5 14. Bxf6 gxf6
15. Nxd5 Rad8 16. Qh6 Bg6 17. Bxg6 fxg6 18. Nf4 Bd6 19. g3 Bf8 20. Qh4 g5 21.
Qg4 h5 22. Nxh5 Be7 23. h4 Nb4 24. Na3 Nd3 25. hxg5 fxg5 26. Nc4 Qd5 27. Ne3
Qe5 28. Qc4+ Kh7 29. Qf7+ Kh8 30. Ng4 1-0

[Event "ODEM U25B 2013"]
[Site "Oberhof GER"]
[Date "2013.05.22"]
[Round "6"]
[White "Eggert, Daniela"]
[Black "Vuckovic, Robert"]
[Result "1-0"]
[Termination "normal"]
[Board "25"]
[WhiteElo "1241"]
[BlackElo "944"]
[PlyCount "111"]
[WhiteFideId "12991490"]
[BlackFideId "12998680"]
[EventCountry "GER"]
[EventRounds "9"]
[EventType "swiss"]
[EventDate "2013.05.18"]

1. e4 e6 2. d4 d5 3. exd5 exd5 4. Nc3 c6 5. a3 Bd6 6. Nf3 Bg4 7. Be2 Ne7 8. O-O
Qc7 9. g3 Bh3 10. Re1 O-O 11. Ng5 Qc8 12. Nxh3 Nd7 13. Bf4 Bxf4 14. Nxf4 Ng6
15. Qd2 Nf6 16. Nxg6 fxg6 17. Bf1 Rf7 18. Re2 Qg4 19. Rae1 Rff8 20. Re3 Rae8
21. Rxe8 Rxe8 22. Rxe8+ Nxe8 23. Qe2 Qd7 24. Bh3 Qd8 25. Qe6+ Kf8 26. Qd7 Qxd7
27. Bxd7 Nd6 28. Kg2 Ke7 29. Bg4 h5 30. Be2 Nf5 31. Bd3 Nxd4 32. Bxg6 Kf6 33.
Bd3 g5 34. Ne2 Ne6 35. Kf3 g4+ 36. Ke3 Ke5 37. Bg6 Ng7 38. Nf4 c5 39. Bxh5 Nf5+
40. Kd2 Nh6 41. Nd3+ Kd4 42. c3+ Kc4 43. b4 b6 44. Ne5+ Kb3 45. Bxg4 Nxg4 46.
Nxg4 Kxa3 47. h4 cxb4 48. cxb4 Kxb4 49. h5 a5 50. h6 Ka3 51. h7 a4 52. h8=Q b5
53. Qc3+ Ka2 54. Kc2 a3 55. Qb3+ Ka1 56. Qxa3# 1-0